Láska verzus cnosť a paradox libertínskeho románu: Claude Crébillon a jeho Blúznenie srdca a rozumu
Analýza francúzskeho románu Blúznenie srdca a rozumu (1736), ktorý napísal iniciátor a vrcholný predstaviteľ libertínskej literatúry Claude Crébillon, pričom tento román sa stal aj modelom libertínskej literatúry. Historický kontext, keď vo francúzskej literatúre 18. storočia je dominantným žánrom r...
Gespeichert in:
| 1. Verfasser: | |
|---|---|
| Format: | Buchkapitel |
| Sprache: | Slowakisch |
| Schlagworte: | |
| Tags: |
Keine Tags, Fügen Sie das erste Tag hinzu!
|
MARC
| LEADER | 00000naa$a2200000$$$4500 | ||
|---|---|---|---|
| 001 | 0284580 | ||
| 005 | 20240502074413.7 | ||
| 041 | 0 | |a slo | |
| 044 | |a SK | ||
| 245 | 1 | 0 | |a Láska verzus cnosť a paradox libertínskeho románu: Claude Crébillon a jeho Blúznenie srdca a rozumu |c Andrea Tureková |
| 520 | |a Analýza francúzskeho románu Blúznenie srdca a rozumu (1736), ktorý napísal iniciátor a vrcholný predstaviteľ libertínskej literatúry Claude Crébillon, pričom tento román sa stal aj modelom libertínskej literatúry. Historický kontext, keď vo francúzskej literatúre 18. storočia je dominantným žánrom román, ktorý sa najmä v prvej polovici storočia usiluje oslobodiť od klasicistického estetického kánonu a negatívnej koncepcie vášní a libertínsky román sa napohľad celkom odkláňa od klasicizmu, keďže podáva obraz o povrchnosti vzťahov v aristokratickej spoločnosti, založených na presných pravidlách zvádzania. Vo svojej odlišnosti sa však klasicistický a libertínsky román paradoxne stretávajú, a to v pesimistickej vízii lásky. | ||
| 610 | 2 | 0 | |a jazykoveda |
| 610 | 2 | 0 | |a literatúra |
| 610 | 2 | 0 | |a francúzština |
| 610 | 2 | 0 | |a história |
| 610 | 2 | 0 | |a dejiny |
| 610 | 2 | 0 | |a filozofia |
| 610 | 2 | 0 | |a smery filozofické |
| 610 | 2 | 0 | |a koncepcie |
| 610 | 2 | 0 | |a Francúzsko |
| 100 | 1 | |a Tureková, Andrea, 1979- | |